000
00287nam a22001337a 4500
008
180125b xxu||||| |||| 00| 0 eng d
020
_a
9780815105954
041
_a
eng
080
_a
615.83
100
_a
8
101
_a
ekz
245
_a
swimming diving
_c
stephen.l
942
_2
udc
_c
BK
999
_c
40963
_d
40963